Vista normal Vista MARC

Entrada Topical Term

Número de registros utilizados en: 1

001 - CONTROL NUMBER

  • control field: 63353

003 - CONTROL NUMBER IDENTIFIER

  • control field: OSt

005 - DATE AND TIME OF LATEST TRANSACTION

  • control field: 20250825151144.0

008 - FIXED-LENGTH DATA ELEMENTS

  • fixed length control field: 250825|| aca||aabn | a|a d

040 ## - CATALOGING SOURCE

  • Original cataloging agency: OSt
  • Transcribing agency: OSt

150 ## - HEADING--TOPICAL TERM

  • Topical term or geographic name entry element: Mitología griega
  • Form subdivision: Novela

670 ## - SOURCE DATA FOUND

  • Source citation: Work cat.: (OSt)58495: García Domínguez, Ramón, 1943- 63352, !Por todos los dioses...! /









Instituto Departamental de Cultura del Meta - Red Departamental de Bibliotecas Públicas del Meta.